LEADER 01049nam0-2200361li-450 001 990000254020203316 005 20180312154803.0 010 $a88-7056-701-X 035 $a0025402 035 $aUSA010025402 035 $a(ALEPH)000025402USA01 035 $a0025402 100 $a20001109d1988----km-y0itay0103----ba 101 0 $aita 102 $aIT 200 1 $aGuida alle reti di PC IBM$einstallazione ed uso$fPaul Berry 210 $aMilano$cJackson$dstampa 1988 215 $a305 p.$cill.$d25 cm 610 1 $aibm (microelaboratore) 610 1 $areti locali$amanuali 676 $a00468$9Reti locali (LAN) 700 1$aBerry,$bPaul$014292 801 $aSistema bibliotecario di Ateneo dell' Università di Salerno$gRICA 912 $a990000254020203316 951 $a004.68 BER$b0012899 959 $aBK 969 $aSCI 979 $c19910429 979 $c20001110$lUSA01$h1715 979 $c20020403$lUSA01$h1633 979 $aPATRY$b90$c20040406$lUSA01$h1618 996 $aGuida alle reti di PC IBM$91501433 997 $aUNISA LEADER 02019nam0 22004933i 450 001 VAN00282948 005 20250108030046.538 017 70$2N$a9783030669454 100 $a20241114d2021 |0itac50 ba 101 $aeng 102 $aCH 105 $a|||| ||||| 181 $ai$b e 182 $ab 200 1 $aˆThe ‰Photonic Hook$eFrom Optics to Acoustics and Plasmonics$fOleg V. Minin, Igor V. Minin 210 $aCham$cSpringer$d2021 215 $axviii, 91 p.$cill.$d24 cm 410 1$1001VAN00132717$12001 $aSpringerBriefs in Physics$1210 $aBerlin [etc.]$cSpringer 606 $a00A79 (77-XX)$xPhysics [MSC 2020]$3VANC023182$2MF 606 $a78-XX$xOptics, electromagnetic theory [MSC 2020]$3VANC022356$2MF 606 $a78A60$xLasers, masers, optical bistability, nonlinear optics [MSC 2020]$3VANC029030$2MF 610 $aAcoustic hook$9KW:K 610 $aAcoustic jet$9KW:K 610 $aAiry Beam$9KW:K 610 $aCurved beam$9KW:K 610 $aPhotonic hook$9KW:K 610 $aPhotonic nanojet$9KW:K 610 $aPlasmonic hook$9KW:K 610 $aPlasmonic nanojet$9KW:K 610 $aStructured subwavelength light beam$9KW:K 620 $aCH$dCham$3VANL001889 700 1$aMinin$bOleg V.$3VANV146095$01074166 701 1$aMinin$bIgor V.$3VANV205315$01774405 712 $aSpringer $3VANV108073$4650 790 1$aMinin, Oleg$zMinin, Oleg V.$3VANV236084 790 1$aMinin, Igor$zMinin, Igor V.$3VANV236085 801 $aIT$bSOL$c20250110$gRICA 856 4 $uhttp://doi.org/10.1007/978-3-030-66945-4$zE-book ? Accesso al full-text attraverso riconoscimento IP di Ateneo, proxy e/o Shibboleth 899 $aBIBLIOTECA DEL DIPARTIMENTO DI MATEMATICA E FISICA$1IT-CE0120$2VAN08 912 $fN 912 $aVAN00282948 950 $aBIBLIOTECA DEL DIPARTIMENTO DI MATEMATICA E FISICA$d08DLOAD e-Book 9742 $e08eMF9742 20241127 996 $aPhotonic Hook$94286380 997 $aUNICAMPANIA